| 000 | 00361nam a2200157Ia 4500 | ||
|---|---|---|---|
| 100 | _aBalabanian/Norman/ Carlson/Bradley | ||
| 650 | _aLogic Design | ||
| 942 | _cBK | ||
| 366 | _f25 | ||
| 245 | _aDigital logic design principles | ||
| 260 |
_bWiley India _c2004 |
||
| 082 |
_a621.38195 _bBAL |
||
| 300 | _a373 | ||
| 546 |
_aENGLISH _cPAMPHALETS |
||
| 999 |
_c24313 _d24313 |
||